00442 2200145 4500245007000000020002200070250001000092100002800102005001900130260002600149041001400175084001100189500008700200336000900287 aPUSTAKA PENGETAHUAN AL-QURAN VOL.2cMUHAMMAD AS-SYYID YUSUFhText a978-979-16368-0-3 aCet.1 aMUHAMMAD AS-SYYID YUSUF a20240826114835 aJakartabDAR AS-SALAM aIndonesia a297.04 aDaftar isi : hukum allah dan hukum manusia, hukum allah, universalitas hukum islam atext